000 00317nam a2200133Ia 4500
008 191201s2013 xx 000 0 und d
100 _aSHARMA, Sanjay
245 0 _aAnalog Communication System
250 _a6th
260 _aNew Delhi
_bkatson
_c2013
300 _a649
650 _aB.Tech(CSE)
942 _2ddc
_cBK
_027
999 _c5695
_d5695